000 00263nam a22001097a 4500
008 170117b xxu||||| |||| 00| 0 eng d
020 _a0874345952
041 _aeng
080 _a618.2
245 _aHANDBOOK OF MEDICAL-SURGICAL NURSING
_cBECK, M.L
942 _2udc
_cBK
999 _c3019
_d3019